| Tag |
First Indicator |
Second Indicator |
Subfields |
| LEADER |
00000cam a22000008a 4500 |
| 001 |
in00000013501 |
| 005 |
20151007052503.0 |
| 008 |
870912s1987 enka b 10000 eng |
| 010 |
|
|
|a 87027192
|
| 020 |
|
|
|a 1851661670
|
| 035 |
|
|
|a (OCoLC)16754682
|
| 035 |
|
|
|9 AAA7990AM
|
| 040 |
|
|
|a DLC
|c DLC
|d TXA
|d UtOrBLW
|
| 049 |
|
|
|a TXAM
|c [A11062834]
|
| 050 |
0 |
0 |
|a QA76.76.R44
|b S24 1987
|
| 082 |
0 |
|
|a 005
|2 19
|
| 110 |
2 |
|
|a Safety and Reliability Society (Great Britain).
|b Symposium
|d (1987 :
|c Altrincham, Greater Manchester)
|
| 245 |
1 |
0 |
|a Achieving safety and reliability with computer systems /
|c edited by B.K. Daniels.
|
| 263 |
|
|
|a 8711
|
| 264 |
|
1 |
|a London ;
|a New York :
|b Elsevier Applied Science,
|c [1987]
|
| 264 |
|
4 |
|c ©1987
|
| 300 |
|
|
|a xiv, 293 pages :
|b illustrations
|
| 336 |
|
|
|a text
|b txt
|2 rdacontent
|
| 337 |
|
|
|a unmediated
|b n
|2 rdamedia
|
| 338 |
|
|
|a volume
|b nc
|2 rdacarrier
|
| 500 |
|
|
|a "Proceedings of the Safety and Reliability Society Symposium, 1987, held at Altrincham, Manchester, UK, 11-12 November 1987... co-sponsors, the European Workshop on Industrial Computer Systems, Committee on Safety, Security, and Reliability" [and others].
|
| 504 |
|
|
|a Includes bibliographies.
|
| 650 |
|
0 |
|a Computer software
|x Reliability
|v Congresses.
|
| 650 |
|
0 |
|a Electronic digital computers
|x Reliability.
|
| 650 |
|
0 |
|a Industrial safety
|v Congresses.
|
| 700 |
1 |
|
|a Daniels, B. K.
|
| 710 |
2 |
|
|a European Workshop on Industrial Computer Systems.
|b Committee on Safety, Security, and Reliability.
|
| 999 |
|
|
|a MARS
|
| 999 |
f |
f |
|s 798dbb33-598c-347e-8ffa-4472f8068814
|i 67dea289-80b1-3502-a802-8bebd30039f6
|t 0
|
| 952 |
f |
f |
|p ric
|a Texas A&M University
|b Rellis Campus
|c Joint Library Facility
|d Remote Storage
|t 0
|e QA76.76.R44 S24 1987
|h Library of Congress classification
|i unmediated -- volume
|m A14811062834
|
| 998 |
f |
f |
|a QA76.76.R44 S24 1987
|t 0
|l Remote Storage
|